Alternative measurement of economic growth
Gespeichert in:
| 1. Verfasser: | |
|---|---|
| Format: | Buchkapitel |
| Sprache: | Englisch |
| Schlagworte: | |
| Tags: |
Keine Tags, Fügen Sie das erste Tag hinzu!
|
MARC
| LEADER | 00000nla a2200000 4500 | ||
|---|---|---|---|
| 001 | 0181198 | ||
| 005 | 20240502083426.9 | ||
| 041 | 0 | |a eng | |
| 044 | |a CZ | ||
| 245 | 1 | 0 | |a Alternative measurement of economic growth |c Andrea Vondrová |
| 610 | 2 | 0 | |a rast hospodársky |
| 610 | 2 | 0 | |a produkt domáci hrubý |
| 610 | 2 | 0 | |a úroveň životná |
| 610 | 2 | 0 | |a kvalita života |
| 610 | 2 | 0 | |a meranie |
| 100 | 1 | |a Vondrová, Andrea, 1987- | |